00295nam a2200109 a 4500008004100000050002100041100001700062245004700079260003400126300001600160350000900176120416s1963 ||||||||||||||||| || u aREF TJ 212.5 Cla aClason, W. E10aElsevier's dictionary of automatic control aAmsterdambElsevier Pubc1963 aviii, 211p. a0.00